| 000 | 00927nmm a2200289 a 4500 | ||
|---|---|---|---|
| 001 | ocm0001221799 | ||
| 003 | TR-IsHL | ||
| 005 | 20201028154752.0 | ||
| 008 | 131219s2009 tu tur | ||
| 007 | cr cn | ||
| 020 | _a9789754838350 | ||
| 035 |
_a1221799 _b(N$T) |
||
| 050 | 0 | 4 |
_aHE5614.5.T9 _bA45 2009 |
| 090 | 0 | 4 |
_aHE5614.5.T9 _bA45 2009 |
| 245 | 1 | 0 |
_aAlkol ve trafik _h[electronic resource] / _ced. Hakan Coşkunol |
| 260 |
_aİzmir : _bEge Üniversitesi Yayınları, _c2009 |
||
| 300 | _a319 p. | ||
| 650 | 4 | _aGenel Çalışmalar | |
| 650 | 4 | _aGeneral Works | |
| 650 | 0 | _aAlkol kullanımı | |
| 650 | 0 | _aAlcohol drinking | |
| 650 | 0 | _aTrafik kazaları | |
| 650 | 0 | _aAccidents, traffic | |
| 650 | 7 |
_aSELF-HELP / Substance Abuse & Addictions / Alcoholism _2bisacsh |
|
| 700 | 1 | _aCoşkunol, Hakan | |
| 856 | 4 | 0 | _uhttp://search.ebscohost.com/login.aspx?direct=true&scope=site&db=e011xww&AN=1221799 |
| 999 |
_c12745 _d12745 |
||